| 000 | 00920nmc a2200325 a 4500 | ||
|---|---|---|---|
| 003 | AR-BaBNM | ||
| 005 | 20251128211210.0 | ||
| 008 | 093020s1999 ||||||||||||||000 | spa|| | ||
| 020 | _a950-39-0110-3 | ||
| 040 | _cAR-BaBNM | ||
| 245 | 1 | 0 | _aEl fracaso escolar ¿tema antiguo o problema candente? |
| 250 | _a1ª ed. | ||
| 260 |
_aMendoza _bEDIUNC _c1999 |
||
| 300 | 0 | _a65 p. | |
| 490 | 0 |
_aBreve _vv. 4 |
|
| 500 | 0 | _aEDIUNC: Editorial de la Universidad Nacional de Cuyo | |
| 504 | _aContiene referencias bibliográficas p. 63-64 | ||
| 650 | 4 | _aFACTORES ECONOMICOS | |
| 650 | 4 | _aFACTORES SOCIALES | |
| 650 | 4 | _aESTUDIOS DE CASOS | |
| 651 | 4 | _aMendoza | |
| 653 | 0 | _aFRACASO ESCOLAR | |
| 653 | 0 | _aINVESTIGACION EDUCATIVA | |
| 700 | 1 | _aCortese, Carmelo | |
| 700 | 1 | _aRomagnoli, María Cristina | |
| 700 | 1 | _aBustos, Rosa María | |
| 700 | 1 | _aCastillo, Mirta Noemí | |
| 942 | _cBK | ||
| 998 | _craquel | ||
| 999 |
_c18678 _d18678 |
||